| 000 | 00684nam a2200205 a 4500 | ||
|---|---|---|---|
| 005 | 20140412111310.0 | ||
| 008 | 010309s19uu xx 00 eng d | ||
| 020 | _a0-15-200471-8 | ||
| 050 |
_aTR(PS E _bIw1 1989 |
||
| 100 | _aWilliams, Sue | ||
| 245 |
_aI went walking / _cwritten by Sue Williams ; illustrated by Julie Vivas. |
||
| 260 |
_aSan Diego : _bVoyager Books/Harcourt Brace & Company, _c1990. |
||
| 300 | _a1 v. (unp.) ; ill. | ||
| 520 | _aDuring the course of walk, a young boy identifies animals of different colors. | ||
| 650 | _aWalking - Fiction | ||
| 650 | _aColor -- Fiction | ||
| 650 | _aAnimals -- Fiction | ||
| 650 | _aStories in rhyme | ||
| 999 |
_c103946 _d103946 |
||